000 01185nam a22003617a 4500
001 0478
003 DO-SdBPM
005 20250616134843.0
007 0478
008 151005b 1996 sp 00| 0 spa d
020 _a8422659050
040 _aDO-SdBPM
_bspa
_cBPMSU
_erda
082 4 _a833.91
_bG866v 1996
_222
100 1 _aGrin, A.
_eautor
240 1 0 _aDas feuerrote segel
_f
_l
245 1 3 _aEl velero rojo /
_cA. Grin, W. Fährmamm ; ilustración Arcadio Lobato ; traducción Jesús Larriba ; colección dirigida por Marinella Terzi
264 _aMadrid :
_bEdiciones SM,
_c1996
300 _a110 páginas . :
_bilustraciones ;
_c22 cm.
336 _atexto
_btxt
_2rdacontent
337 _asin mediación
_bn
_2rdamedia
338 _avolumen
_bnc
_2rdacarrier
490 0 _aEl barco de vapor
_aCírculo de lectores
500 _aA partir de 9 años
521 1 _aA partir de los 9 años
590 _aInventariado, 2025/VM
650 7 _aCuentos Infantiles alemanes
700 1 _aFährmann, W.
700 1 _aLobato, Arcadio
_eilustraciones
700 1 _aLarriba, Jesús
_etraductor
830 0 _a
910 _aVMateo V. Control de calidad. BPMSU
942 _2ddc
_cBK
999 _c8403
_d8403